Moderné prístupy k marketingovému riadeniu v súčasnosti
Potreba alebo príležitosť prehodnotenia tradičných marketingových aktivít. Udržateľný marketing a s ním súvisiace koncepty s ohľadom na mieru integrácie udržateľnosti. Typ organizácie a požiadavky na spotrebu. Východiská spoločenskej kritiky marketingu tretieho tisícročia. Prehľad možných reforiem...
Guardado en:
| Autor principal: | |
|---|---|
| Otros Autores: | |
| Formato: | Capítulo de libro |
| Lenguaje: | eslovaco |
| Materias: | |
| Etiquetas: |
Sin Etiquetas, Sea el primero en etiquetar este registro!
|
MARC
| LEADER | 00000naa a2200000 4500 | ||
|---|---|---|---|
| 001 | 0191104 | ||
| 005 | 20220722104231.4 | ||
| 041 | 0 | |a slo | |
| 044 | |a SK | ||
| 245 | 1 | 0 | |a Moderné prístupy k marketingovému riadeniu v súčasnosti |c Gabriela Pajtinková - Bartáková, Katarína Gubíniová |
| 520 | |a Potreba alebo príležitosť prehodnotenia tradičných marketingových aktivít. Udržateľný marketing a s ním súvisiace koncepty s ohľadom na mieru integrácie udržateľnosti. Typ organizácie a požiadavky na spotrebu. Východiská spoločenskej kritiky marketingu tretieho tisícročia. Prehľad možných reforiem v rámci marketingového manažmentu. | ||
| 610 | 2 | 0 | |a marketing |
| 610 | 2 | 0 | |a rozvoj trvalo udržateľný |
| 610 | 2 | 0 | |a marketing manažment |
| 610 | 2 | 0 | |a riadenie |
| 610 | 2 | 0 | |a stratégia marketingová |
| 100 | 1 | |a Pajtinková - Bartáková, Gabriela | |
| 700 | 1 | |a Gubíniová, Katarína | |